| 000 | 00416nam a22001577a 4500 | ||
|---|---|---|---|
| 003 | SGT | ||
| 020 | _a9780805841350 | ||
| 082 |
_a620.82 _bC04M |
||
| 100 | _aMMEISTER, DAVID | ||
| 245 | _aCONCEPTUAL FOUNDATIONS OF HUMAN FACTORS MEASUREMENT | ||
| 260 |
_aNEW JERSEY _bLEA PUB _c2004 |
||
| 300 | _a244 | ||
| 650 | _aPHYSIOTHERAPY | ||
| 653 | _aCONCEPTUAL FOUNDATIONS OF HUMAN FACTORS MEASUREMENT | ||
| 942 |
_2ddc _cBK |
||
| 999 |
_c23307 _d23307 |
||